[Event "Russian Championship (Blitz, Women)"]
[Site "Sochi"]
[Date "2018.10.07"]
[Round "13.2"]
[White "Bodnaruk, Anastasia"]
[Black "Guseva, Marina"]
[Result "1-0"]
[BlackElo "2292"]
[WhiteElo "2358"]
[LiveChessVersion "1.4.8"]

1. e4 {[%clk 0:03:03]} c6 {[%clk 0:03:04]} 2. d4 {[%clk 0:03:04]} d5
{[%clk 0:03:05]} 3. e5 {[%clk 0:03:05]} Bf5 {[%clk 0:03:05]} 4. g4
{[%clk 0:03:04]} Be4 {[%clk 0:03:06]} 5. f3 {[%clk 0:03:05]} Bg6 {[%clk 0:03:07]}
6. e6 {[%clk 0:02:47]} Qd6 {[%clk 0:03:08]} 7. exf7+ {[%clk 0:02:46]} Bxf7
{[%clk 0:03:09]} 8. Nh3 {[%clk 0:02:36]} Nd7 {[%clk 0:02:59]} 9. c3
{[%clk 0:02:21]} e5 {[%clk 0:02:57]} 10. dxe5 {[%clk 0:02:15]} Qxe5+
{[%clk 0:02:56]} 11. Qe2 {[%clk 0:02:13]} Qxe2+ 12. Bxe2 {[%clk 0:02:14]} Bd6
{[%clk 0:02:42]} 13. Bf4 {[%clk 0:02:07]} Bxf4 {[%clk 0:02:41]} 14. Nxf4
{[%clk 0:02:08]} Ngf6 {[%clk 0:02:42]} 15. Nd2 {[%clk 0:02:04]} g5
{[%clk 0:02:41]} 16. Nd3 {[%clk 0:01:53]} h5 {[%clk 0:02:41]} 17. gxh5
{[%clk 0:01:52]} Nxh5 {[%clk 0:02:35]} 18. O-O-O {[%clk 0:01:52]} O-O-O
{[%clk 0:02:35]} 19. Rhg1 {[%clk 0:01:46]} Nf4 {[%clk 0:02:34]} 20. Nxf4
{[%clk 0:01:43]} gxf4 {[%clk 0:02:35]} 21. Nf1 {[%clk 0:01:31]} Rde8
{[%clk 0:02:30]} 22. Bd3 {[%clk 0:01:26]} Ne5 {[%clk 0:02:30]} 23. Be2
{[%clk 0:01:18]} Be6 {[%clk 0:02:24]} 24. Rd4 {[%clk 0:01:08]} Bh3
{[%clk 0:02:10]} 25. Nd2 {[%clk 0:00:53]} Bd7 {[%clk 0:01:40]} 26. Rg2
{[%clk 0:00:40]} Rh4 {[%clk 0:01:31]} 27. b4 {[%clk 0:00:35]} Reh8
{[%clk 0:01:29]} 28. Kd1 {[%clk 0:00:30]} Rxh2 {[%clk 0:00:54]} 29. Rxh2
{[%clk 0:00:30]} Rxh2 {[%clk 0:00:55]} 30. Rxf4 {[%clk 0:00:29]} Rh1+
{[%clk 0:00:55]} 31. Kc2 {[%clk 0:00:23]} Rh2 {[%clk 0:00:56]} 32. Kd1
{[%clk 0:00:21]} Rh1+ 33. Kc2 Rh2 {[%clk 0:00:37]} 34. Kd1 {[%clk 0:00:24]} Rh1+
{[%clk 0:00:34]} 35. Kc2 {[%clk 0:00:25]} Kc7 {[%clk 0:00:30]} 36. a4
{[%clk 0:00:23]} Rh2 {[%clk 0:00:28]} 37. Kd1 {[%clk 0:00:24]} c5
{[%clk 0:00:29]} 38. bxc5 {[%clk 0:00:21]} Bxa4+ {[%clk 0:00:29]} 39. Rxa4
{[%clk 0:00:22]} Rh1+ {[%clk 0:00:25]} 40. Kc2 {[%clk 0:00:19]} Rh2
{[%clk 0:00:26]} 41. Kd1 {[%clk 0:00:21]} Rh1+ {[%clk 0:00:27]} 42. Kc2
{[%clk 0:00:22]} Rh2 {[%clk 0:00:28]} 43. Kd1 {[%clk 0:00:20]} Rh1+
{[%clk 0:00:29]} 44. Nf1 {[%clk 0:00:18]} Nxf3 {[%clk 0:00:27]} 45. Bxf3
{[%clk 0:00:12]} Rxf1+ 46. Ke2 Rc1 {[%clk 0:00:29]} 47. Kd2 {[%clk 0:00:13]} Rf1
{[%clk 0:00:28]} 48. Bxd5 {[%clk 0:00:12]} Rf5 {[%clk 0:00:28]} 49. c4
{[%clk 0:00:12]} b5 {[%clk 0:00:21]} 50. cxb6+ axb6 {[%clk 0:00:21]} 51. Ra7+
{[%clk 0:00:05]} Kd6 {[%clk 0:00:21]} 52. Rb7 {[%clk 0:00:06]} Kc5
{[%clk 0:00:21]} 53. Rb8 {[%clk 0:00:06]} Rh5 {[%clk 0:00:18]} 54. Kc2
{[%clk 0:00:06]} Rh3 {[%clk 0:00:19]} 55. Rc8+ {[%clk 0:00:06]} Kb4
{[%clk 0:00:19]} 56. Rc6 {[%clk 0:00:06]} Ka5 {[%clk 0:00:19]} 57. Kb2
{[%clk 0:00:06]} Rg3 {[%clk 0:00:19]} 58. Rc8 {[%clk 0:00:07]} Kb4
{[%clk 0:00:20]} 59. Be6 {[%clk 0:00:07]} Re3 {[%clk 0:00:20]} 60. Bd7
{[%clk 0:00:07]} Re2+ {[%clk 0:00:20]} 61. Kc1 {[%clk 0:00:09]} Kc3
{[%clk 0:00:21]} 62. Ba4 {[%clk 0:00:06]} Re1+ {[%clk 0:00:20]} 63. Bd1
{[%clk 0:00:07]} Re4 {[%clk 0:00:20]} 64. c5 {[%clk 0:00:06]} bxc5
{[%clk 0:00:21]} 65. Rxc5+ {[%clk 0:00:08]} Kb4 {[%clk 0:00:21]} 66. Rd5
{[%clk 0:00:07]} Kc3 {[%clk 0:00:21]} 67. Rd8 {[%clk 0:00:07]} Rd4
{[%clk 0:00:21]} 68. Rc8+ {[%clk 0:00:07]} Kb4 {[%clk 0:00:22]} 69. Bc2
{[%clk 0:00:08]} Rc4 {[%clk 0:00:21]} 70. Rb8+ {[%clk 0:00:09]} Kc3
{[%clk 0:00:22]} 71. Rb3+ {[%clk 0:00:10]} Kd4 {[%clk 0:00:21]} 72. Rh3
{[%clk 0:00:10]} Rc3 {[%clk 0:00:22]} 73. Rh4+ {[%clk 0:00:11]} Kc5
{[%clk 0:00:23]} 74. Kd2 {[%clk 0:00:12]} Rg3 {[%clk 0:00:23]} 75. Bd3
{[%clk 0:00:13]} Rf3 {[%clk 0:00:23]} 76. Kc3 {[%clk 0:00:15]} Rg3
{[%clk 0:00:23]} 77. Rh5+ {[%clk 0:00:16]} Kd6 {[%clk 0:00:24]} 78. Kd4
{[%clk 0:00:17]} Rg4+ {[%clk 0:00:25]} 79. Be4 {[%clk 0:00:19]} Rg1
{[%clk 0:00:25]} 80. Rh6+ {[%clk 0:00:20]} Kc7 {[%clk 0:00:25]} 81. Rh7+
{[%clk 0:00:18]} Kd6 {[%clk 0:00:25]} 82. Rh6+ {[%clk 0:00:18]} Kc7
{[%clk 0:00:25]} 83. Bf3 {[%clk 0:00:16]} Rf1 {[%clk 0:00:22]} 84. Bd5
{[%clk 0:00:09]} Rd1+ 85. Kc5 Rc1+ {[%clk 0:00:22]} 86. Bc4 {[%clk 0:00:12]} Rd1
{[%clk 0:00:20]} 87. Ra6 {[%clk 0:00:12]} Rb1 {[%clk 0:00:19]} 88. Ra7+
{[%clk 0:00:11]} Rb7 {[%clk 0:00:19]} 89. Ra8 {[%clk 0:00:13]} Rb8
{[%clk 0:00:18]} 90. Ra6 {[%clk 0:00:12]} Rb1 {[%clk 0:00:14]} 91. Rf6
{[%clk 0:00:08]} Rd1 {[%clk 0:00:15]} 92. Bb3 {[%clk 0:00:06]} Rc1+
{[%clk 0:00:14]} 93. Bc4 {[%clk 0:00:08]} Rd1 {[%clk 0:00:15]} 94. Rg6
{[%clk 0:00:07]} Rd2 {[%clk 0:00:15]} 95. Bb3 {[%clk 0:00:07]} Rd3
{[%clk 0:00:15]} 96. Bc4 {[%clk 0:00:06]} Rd1 {[%clk 0:00:16]} 97. Rc6+
{[%clk 0:00:07]} Kd7 {[%clk 0:00:16]} 98. Rf6 {[%clk 0:00:08]} Re1
{[%clk 0:00:13]} 99. Rf7+ {[%clk 0:00:07]} Re7 {[%clk 0:00:12]} 100. Rf5
{[%clk 0:00:06]} Re1 {[%clk 0:00:11]} 101. Rf6 {[%clk 0:00:06]} Re5+
{[%clk 0:00:11]} 102. Bd5 {[%clk 0:00:07]} Re1 {[%clk 0:00:11]} 103. Rf7+
{[%clk 0:00:08]} Re7 {[%clk 0:00:11]} 104. Rf8 {[%clk 0:00:09]} Re1
{[%clk 0:00:10]} 105. Bc6+ {[%clk 0:00:10]} Kc7 {[%clk 0:00:10]} 106. Rf7+
{[%clk 0:00:11]} Kd8 {[%clk 0:00:10]} 107. Kd6 {[%clk 0:00:09]} Rd1+
{[%clk 0:00:07]} 108. Bd5 {[%clk 0:00:11]} Ke8 {[%clk 0:00:05]} 109. Rg7
{[%clk 0:00:07]} Kf7 1-0

[Event "Russian Championship (Blitz, Women)"]
[Site "Sochi"]
[Date "2018.10.07"]
[Round "14.1"]
[White "Dordzhieva, Dinara"]
[Black "Voit, Daria"]
[Result "1-0"]
[BlackElo "2415"]
[WhiteElo "2225"]
[LiveChessVersion "1.4.8"]

1. Nf3 {[%clk 0:03:03]} Nf6 {[%clk 0:03:03]} 2. c4 {[%clk 0:03:04]} c5
{[%clk 0:03:04]} 3. g3 {[%clk 0:03:05]} b6 {[%clk 0:03:04]} 4. Bg2
{[%clk 0:03:05]} Bb7 {[%clk 0:03:05]} 5. b3 {[%clk 0:03:06]} e6 {[%clk 0:03:05]}
6. Bb2 {[%clk 0:03:07]} Be7 {[%clk 0:03:00]} 7. O-O {[%clk 0:03:07]} O-O
{[%clk 0:02:56]} 8. e3 {[%clk 0:03:09]} d5 {[%clk 0:02:56]} 9. Nc3
{[%clk 0:03:05]} dxc4 {[%clk 0:02:47]} 10. bxc4 {[%clk 0:03:05]} Nc6
{[%clk 0:02:35]} 11. Qe2 {[%clk 0:02:49]} Nb4 {[%clk 0:02:31]} 12. Ne1
{[%clk 0:02:47]} Bxg2 {[%clk 0:02:31]} 13. Kxg2 {[%clk 0:02:48]} Qc7
{[%clk 0:02:31]} 14. d3 {[%clk 0:02:47]} Rfd8 {[%clk 0:02:30]} 15. a3
{[%clk 0:02:46]} Nc6 {[%clk 0:02:31]} 16. f4 {[%clk 0:02:47]} Rd7
{[%clk 0:02:25]} 17. Rd1 {[%clk 0:02:40]} Rad8 18. g4 Qb7 {[%clk 0:02:15]} 19.
Kg1 {[%clk 0:02:42]} a6 {[%clk 0:02:16]} 20. a4 {[%clk 0:02:43]} Nb4
{[%clk 0:02:15]} 21. g5 {[%clk 0:02:42]} Ne8 {[%clk 0:02:14]} 22. h4
{[%clk 0:02:20]} Nc7 {[%clk 0:02:10]} 23. h5 {[%clk 0:02:13]} b5 {[%clk 0:02:11]}
24. axb5 {[%clk 0:01:55]} axb5 25. h6 bxc4 {[%clk 0:02:05]} 26. dxc4
{[%clk 0:01:55]} Rxd1 {[%clk 0:01:27]} 27. Nxd1 {[%clk 0:01:57]} gxh6
{[%clk 0:01:25]} 28. gxh6 {[%clk 0:01:58]} Qe4 {[%clk 0:01:25]} 29. Rf2
{[%clk 0:01:46]} Kf8 {[%clk 0:00:47]} 30. Nc3 {[%clk 0:01:46]} Qg6+
{[%clk 0:00:45]} 31. Rg2 {[%clk 0:01:47]} Qf5 {[%clk 0:00:37]} 32. Nb5
{[%clk 0:01:32]} Nxb5 {[%clk 0:00:32]} 33. cxb5 {[%clk 0:01:34]} Qb1
{[%clk 0:00:28]} 34. Bg7+ {[%clk 0:01:33]} Ke8 {[%clk 0:00:29]} 35. Bc3
{[%clk 0:01:28]} Nd3 {[%clk 0:00:29]} 36. Rg8+ {[%clk 0:00:57]} Bf8
{[%clk 0:00:30]} 37. Qc2 {[%clk 0:00:58]} Qxc2 {[%clk 0:00:12]} 38. Nxc2
{[%clk 0:01:00]} Kd7 {[%clk 0:00:07]} 39. Na3 {[%clk 0:00:50]} Bxh6
{[%clk 0:00:07]} 40. Rg2 {[%clk 0:00:41]} Kc8 {[%clk 0:00:04]} 41. Nc4
{[%clk 0:00:39]} Nb4 {[%clk 0:00:04]} 42. Be5 {[%clk 0:00:36]} Rd1+
{[%clk 0:00:04]} 43. Kh2 {[%clk 0:00:37]} Nd5 {[%clk 0:00:04]} 44. Nd6+
{[%clk 0:00:35]} Kd7 45. Ra2 {[%clk 0:00:30]} Rb1 {[%clk 0:00:04]} 46. Ra7+
{[%clk 0:00:31]} Nc7 {[%clk 0:00:04]} 47. Nxf7 {[%clk 0:00:27]} Bf8
{[%clk 0:00:05]} 48. Rxc7+ {[%clk 0:00:28]} Ke8 {[%clk 0:00:06]} 49. Ng5 Rxb5 50.
Nxe6 {[%clk 0:00:21]} h5 {[%clk 0:00:04]} 51. Rc8+ {[%clk 0:00:22]} Kd7
{[%clk 0:00:05]} 52. Rxf8 {[%clk 0:00:15]} Kxe6 {[%clk 0:00:06]} 53. Rh8
{[%clk 0:00:16]} Kf5 {[%clk 0:00:07]} 54. Rxh5+ {[%clk 0:00:16]} Ke4
{[%clk 0:00:09]} 55. Bd4 {[%clk 0:00:09]} Ra5 {[%clk 0:00:09]} 56. Rxc5
{[%clk 0:00:10]} Ra2+ {[%clk 0:00:09]} 57. Kg3 {[%clk 0:00:11]} Ra3
{[%clk 0:00:10]} 58. Re5+ {[%clk 0:00:13]} Kd5 1-0

[Event "Russian Championship (Blitz, Women)"]
[Site "Sochi"]
[Date "2018.10.07"]
[Round "14.4"]
[White "Vasilevich, Irina"]
[Black "Kashlinskaya, Alina"]
[Result "1/2-1/2"]
[BlackElo "2369"]
[WhiteElo "2160"]
[LiveChessVersion "1.4.8"]

1. c4 {[%clk 0:03:03]} Nf6 {[%clk 0:03:03]} 2. Nc3 {[%clk 0:03:03]} e5
{[%clk 0:03:04]} 3. g3 {[%clk 0:03:04]} Bb4 {[%clk 0:03:04]} 4. Nd5
{[%clk 0:03:05]} Nxd5 {[%clk 0:02:57]} 5. cxd5 {[%clk 0:03:06]} O-O
{[%clk 0:02:58]} 6. Bg2 {[%clk 0:03:06]} d6 {[%clk 0:02:55]} 7. a3
{[%clk 0:03:05]} Bc5 {[%clk 0:02:56]} 8. b4 {[%clk 0:03:05]} Bb6 {[%clk 0:02:56]}
9. e3 {[%clk 0:03:06]} f5 {[%clk 0:02:57]} 10. Ne2 {[%clk 0:03:06]} g5
{[%clk 0:02:33]} 11. h4 {[%clk 0:01:52]} g4 {[%clk 0:02:33]} 12. Qc2
{[%clk 0:01:49]} Nd7 {[%clk 0:02:27]} 13. Bb2 {[%clk 0:01:46]} Nf6
{[%clk 0:02:28]} 14. d4 {[%clk 0:01:09]} e4 {[%clk 0:02:22]} 15. Nf4
{[%clk 0:01:10]} Qe7 {[%clk 0:02:18]} 16. Bf1 {[%clk 0:01:09]} Bd7
{[%clk 0:01:57]} 17. a4 {[%clk 0:01:02]} a5 {[%clk 0:01:55]} 18. b5
{[%clk 0:00:57]} Be8 {[%clk 0:01:50]} 19. Bc4 {[%clk 0:00:51]} Bf7
{[%clk 0:01:51]} 20. Qb3 {[%clk 0:00:48]} Rfd8 {[%clk 0:01:39]} 21. Rc1
{[%clk 0:00:48]} Kh8 {[%clk 0:01:01]} 22. O-O {[%clk 0:00:47]} Nh5
{[%clk 0:00:54]} 23. Nxh5 {[%clk 0:00:47]} Bxh5 {[%clk 0:00:55]} 24. Rc2
{[%clk 0:00:45]} Rg8 {[%clk 0:00:53]} 25. Rfc1 {[%clk 0:00:44]} Rg7
{[%clk 0:00:51]} 26. Be2 {[%clk 0:00:40]} Bf7 {[%clk 0:00:47]} 27. Ba3
{[%clk 0:00:38]} Bg8 {[%clk 0:00:38]} 28. Bc4 {[%clk 0:00:38]} Re8
{[%clk 0:00:29]} 29. Bb2 {[%clk 0:00:27]} Qf6 {[%clk 0:00:29]} 30. Re1
{[%clk 0:00:27]} Rg6 {[%clk 0:00:29]} 31. Kf1 {[%clk 0:00:24]} Rh6
{[%clk 0:00:29]} 32. Ke2 {[%clk 0:00:24]} Rg6 {[%clk 0:00:30]} 33. Kf1
{[%clk 0:00:25]} Rg7 {[%clk 0:00:31]} 34. Kg1 {[%clk 0:00:25]} Qe7
{[%clk 0:00:26]} 35. Bc3 {[%clk 0:00:24]} Qf6 {[%clk 0:00:25]} 36. Rcc1
{[%clk 0:00:23]} Qf8 {[%clk 0:00:23]} 37. Qb2 {[%clk 0:00:24]} Bf7
{[%clk 0:00:24]} 38. Qd2 {[%clk 0:00:25]} Ra8 {[%clk 0:00:26]} 39. Qa2
{[%clk 0:00:23]} Qg8 {[%clk 0:00:27]} 40. Bd2 {[%clk 0:00:21]} Qf8
{[%clk 0:00:21]} 41. Rc2 {[%clk 0:00:22]} Qg8 {[%clk 0:00:23]} 42. Rec1
{[%clk 0:00:23]} Qd8 {[%clk 0:00:22]} 43. Re1 {[%clk 0:00:24]} Qg8
{[%clk 0:00:23]} 1/2-1/2

[Event "Russian Championship (Blitz, Women)"]
[Site "Sochi"]
[Date "2018.10.07"]
[Round "14.5"]
[White "Nebolsina, Vera"]
[Black "Maletina, Tatiana"]
[Result "1/2-1/2"]
[BlackElo "2339"]
[WhiteElo "2099"]
[LiveChessVersion "1.4.8"]

1. e4 {[%clk 0:03:02]} e6 {[%clk 0:03:03]} 2. d4 {[%clk 0:03:03]} d5
{[%clk 0:03:04]} 3. exd5 {[%clk 0:03:03]} exd5 {[%clk 0:03:06]} 4. Nf3
{[%clk 0:03:04]} Bd6 {[%clk 0:03:01]} 5. c4 {[%clk 0:02:52]} Nf6 {[%clk 0:02:48]}
6. Nc3 {[%clk 0:02:45]} O-O {[%clk 0:02:36]} 7. cxd5 {[%clk 0:01:58]} Re8+
{[%clk 0:02:36]} 8. Be2 {[%clk 0:01:59]} h6 {[%clk 0:02:22]} 9. O-O
{[%clk 0:01:52]} Nbd7 {[%clk 0:02:23]} 10. Be3 {[%clk 0:01:30]} Nb6
{[%clk 0:02:23]} 11. Qb3 {[%clk 0:01:04]} Nfxd5 {[%clk 0:01:40]} 12. Nxd5
{[%clk 0:01:04]} Be6 {[%clk 0:01:41]} 13. Ne5 {[%clk 0:00:34]} Bxd5
{[%clk 0:01:39]} 14. Qc3 {[%clk 0:00:35]} c6 {[%clk 0:01:30]} 15. Bf3
{[%clk 0:00:32]} Bxe5 {[%clk 0:01:31]} 16. dxe5 {[%clk 0:00:31]} Bxf3
{[%clk 0:01:31]} 17. gxf3 {[%clk 0:00:31]} Nd5 {[%clk 0:01:32]} 18. Qd4
{[%clk 0:00:31]} Qe7 {[%clk 0:01:28]} 19. f4 {[%clk 0:00:31]} Qh4
{[%clk 0:01:29]} 20. Qe4 {[%clk 0:00:28]} Re6 {[%clk 0:01:24]} 21. Kh1
{[%clk 0:00:29]} Rae8 {[%clk 0:01:16]} 22. Rg1 {[%clk 0:00:30]} Qh5
{[%clk 0:00:55]} 23. Rg3 {[%clk 0:00:27]} g6 {[%clk 0:00:28]} 24. Rag1
{[%clk 0:00:26]} Ne7 {[%clk 0:00:29]} 25. Qg2 {[%clk 0:00:18]} Nf5
{[%clk 0:00:26]} 26. Rh3 {[%clk 0:00:19]} Qe2 {[%clk 0:00:27]} 27. Bxa7
{[%clk 0:00:15]} Kh7 {[%clk 0:00:22]} 28. Rb3 {[%clk 0:00:14]} b5
{[%clk 0:00:22]} 29. Qf3 {[%clk 0:00:10]} Qc2 {[%clk 0:00:17]} 30. Rc3
{[%clk 0:00:09]} Qxb2 {[%clk 0:00:16]} 31. Rxc6 {[%clk 0:00:10]} Qxa2
{[%clk 0:00:13]} 32. Rc7 {[%clk 0:00:10]} R6e7 {[%clk 0:00:11]} 33. Rxe7
{[%clk 0:00:08]} Rxe7 {[%clk 0:00:12]} 34. Bc5 {[%clk 0:00:09]} Rd7
{[%clk 0:00:11]} 35. Qc6 {[%clk 0:00:07]} Qd5+ {[%clk 0:00:09]} 36. Qxd5
{[%clk 0:00:07]} Rxd5 {[%clk 0:00:10]} 37. Be3 {[%clk 0:00:07]} b4
{[%clk 0:00:06]} 38. Rb1 {[%clk 0:00:08]} Rb5 {[%clk 0:00:08]} 39. Rb3
{[%clk 0:00:09]} Ne7 {[%clk 0:00:06]} 40. Kg2 {[%clk 0:00:08]} Kg7
{[%clk 0:00:05]} 41. Kf3 {[%clk 0:00:09]} f5 {[%clk 0:00:06]} 42. Ke2
{[%clk 0:00:06]} Kf7 {[%clk 0:00:06]} 43. Kd3 {[%clk 0:00:07]} Nc6
{[%clk 0:00:05]} 44. Bd2 {[%clk 0:00:06]} Rd5+ {[%clk 0:00:05]} 45. Ke3
{[%clk 0:00:06]} Ke6 {[%clk 0:00:03]} 46. Rd3 {[%clk 0:00:04]} Ne7
{[%clk 0:00:03]} 47. Bxb4 {[%clk 0:00:05]} Rxd3+ {[%clk 0:00:03]} 48. Kxd3
{[%clk 0:00:06]} Nd5 {[%clk 0:00:05]} 49. Bd2 {[%clk 0:00:07]} Nc7
{[%clk 0:00:05]} 50. Kd4 {[%clk 0:00:07]} Nd5 {[%clk 0:00:06]} 51. Be3
{[%clk 0:00:07]} Kxe5+ 52. Ke4+ 1/2-1/2

[Event "Russian Championship (Blitz, Women)"]
[Site "Sochi"]
[Date "2018.10.07"]
[Round "14.11"]
[White "Ivanova, Karina"]
[Black "Shuvalova, Polina"]
[Result "1/2-1/2"]
[BlackElo "2246"]
[WhiteElo "2092"]
[LiveChessVersion "1.4.8"]

1. Nf3 {[%clk 0:03:02]} Nf6 {[%clk 0:03:04]} 2. g3 {[%clk 0:03:03]} d5
{[%clk 0:03:05]} 3. Bg2 {[%clk 0:03:03]} c6 {[%clk 0:03:06]} 4. O-O
{[%clk 0:03:02]} Bf5 {[%clk 0:03:08]} 5. c4 {[%clk 0:03:02]} e6 {[%clk 0:03:08]}
6. d3 {[%clk 0:03:02]} Be7 {[%clk 0:03:08]} 7. cxd5 {[%clk 0:02:58]} exd5
{[%clk 0:03:08]} 8. Nc3 {[%clk 0:02:58]} O-O {[%clk 0:03:07]} 9. Qb3
{[%clk 0:02:58]} Qb6 {[%clk 0:03:04]} 10. Qc2 {[%clk 0:02:58]} Nbd7
{[%clk 0:02:59]} 11. e4 {[%clk 0:02:58]} Bg6 {[%clk 0:02:47]} 12. Nh4
{[%clk 0:02:33]} Rac8 {[%clk 0:02:35]} 13. Nxg6 {[%clk 0:02:29]} hxg6
{[%clk 0:02:35]} 14. Bg5 {[%clk 0:01:53]} Rfe8 {[%clk 0:02:34]} 15. Rfe1
{[%clk 0:01:49]} dxe4 {[%clk 0:02:21]} 16. dxe4 {[%clk 0:01:40]} Nf8
{[%clk 0:02:00]} 17. h3 {[%clk 0:01:24]} Ne6 {[%clk 0:01:57]} 18. Be3
{[%clk 0:01:22]} Qc7 {[%clk 0:01:55]} 19. Rad1 {[%clk 0:01:16]} Bc5
{[%clk 0:01:49]} 20. Bxc5 {[%clk 0:01:10]} Nxc5 {[%clk 0:01:50]} 21. Kh2
{[%clk 0:00:42]} Re7 {[%clk 0:01:36]} 22. f4 {[%clk 0:00:38]} Ree8
{[%clk 0:01:11]} 23. e5 {[%clk 0:00:38]} Nfd7 {[%clk 0:01:12]} 24. b4
{[%clk 0:00:29]} Ne6 {[%clk 0:01:01]} 25. Ne4 {[%clk 0:00:28]} Rcd8
{[%clk 0:01:01]} 26. Nd6 {[%clk 0:00:28]} Rf8 {[%clk 0:01:01]} 27. a3
{[%clk 0:00:24]} Nb6 {[%clk 0:00:46]} 28. Qb3 {[%clk 0:00:23]} Qe7
{[%clk 0:00:42]} 29. a4 a6 {[%clk 0:00:39]} 30. a5 {[%clk 0:00:22]} Nc8
{[%clk 0:00:40]} 31. Nxc8 {[%clk 0:00:19]} Rxc8 {[%clk 0:00:40]} 32. Rd6
{[%clk 0:00:19]} Rfe8 {[%clk 0:00:31]} 33. Red1 {[%clk 0:00:18]} Rcd8
{[%clk 0:00:27]} 34. R1d3 {[%clk 0:00:15]} g5 {[%clk 0:00:20]} 35. f5
{[%clk 0:00:12]} Nc7 {[%clk 0:00:21]} 36. Rxd8 {[%clk 0:00:12]} Rxd8
{[%clk 0:00:22]} 37. Qd1 {[%clk 0:00:09]} Rxd3 {[%clk 0:00:21]} 38. Qxd3
{[%clk 0:00:10]} Qxe5 {[%clk 0:00:21]} 39. Qd8+ {[%clk 0:00:11]} Ne8
{[%clk 0:00:15]} 40. Qxg5 {[%clk 0:00:08]} Nf6 {[%clk 0:00:16]} 41. Qf4
{[%clk 0:00:06]} Qxf4 {[%clk 0:00:16]} 42. gxf4 {[%clk 0:00:07]} Nh5
{[%clk 0:00:17]} 43. b5 {[%clk 0:00:06]} Nxf4 {[%clk 0:00:06]} 44. bxc6
{[%clk 0:00:05]} bxc6 {[%clk 0:00:06]} 45. Bxc6 {[%clk 0:00:06]} Nd3
{[%clk 0:00:05]} 46. Bd5 {[%clk 0:00:05]} Kf8 {[%clk 0:00:04]} 47. Bc4
{[%clk 0:00:06]} Nc5 {[%clk 0:00:05]} 48. f6 {[%clk 0:00:06]} gxf6
{[%clk 0:00:06]} 49. Kg3 {[%clk 0:00:06]} Ke7 {[%clk 0:00:05]} 50. h4
{[%clk 0:00:07]} f5 {[%clk 0:00:06]} 51. Kf4 {[%clk 0:00:08]} Kf6
{[%clk 0:00:07]} 52. h5 {[%clk 0:00:08]} Ne6+ {[%clk 0:00:08]} 53. Ke3
{[%clk 0:00:08]} Nc7 {[%clk 0:00:08]} 54. Kf4 {[%clk 0:00:08]} Ne6+
{[%clk 0:00:08]} 55. Ke3 {[%clk 0:00:10]} Nc7 {[%clk 0:00:06]} 56. Kf4
{[%clk 0:00:11]} Ne6+ {[%clk 0:00:07]} 57. Ke3 {[%clk 0:00:12]} Nc7
{[%clk 0:00:05]} 58. Ke4 Ke5+ 1/2-1/2